<?xml version="1.0" encoding="UTF-8"?><?xml-stylesheet type="text/xsl" href="static/style.xsl"?><OAI-PMH xmlns="http://www.openarchives.org/OAI/2.0/" xmlns:xsi="http://www.w3.org/2001/XMLSchema-instance" xsi:schemaLocation="http://www.openarchives.org/OAI/2.0/ http://www.openarchives.org/OAI/2.0/OAI-PMH.xsd"><responseDate>2026-04-17T13:52:01Z</responseDate><request verb="GetRecord" identifier="oai:riubu.ubu.es:10259/8608" metadataPrefix="marc">https://riubu.ubu.es/oai/request</request><GetRecord><record><header><identifier>oai:riubu.ubu.es:10259/8608</identifier><datestamp>2024-02-08T01:05:28Z</datestamp><setSpec>com_10259_3592</setSpec><setSpec>com_10259_3591</setSpec><setSpec>com_10259.4_106</setSpec><setSpec>com_10259_2604</setSpec><setSpec>com_10259_3924</setSpec><setSpec>com_10259_5086</setSpec><setSpec>col_10259_3930</setSpec><setSpec>col_10259_3925</setSpec></header><metadata><record xmlns="http://www.loc.gov/MARC21/slim" xmlns:doc="http://www.lyncode.com/xoai" xmlns:xsi="http://www.w3.org/2001/XMLSchema-instance" xmlns:dcterms="http://purl.org/dc/terms/" xsi:schemaLocation="http://www.loc.gov/MARC21/slim http://www.loc.gov/standards/marcxml/schema/MARC21slim.xsd">
<leader>00925njm 22002777a 4500</leader>
<datafield tag="042" ind1=" " ind2=" ">
<subfield code="a">dc</subfield>
</datafield>
<datafield tag="720" ind1=" " ind2=" ">
<subfield code="a">Alonso Carrillo, Daniel</subfield>
<subfield code="e">author</subfield>
</datafield>
<datafield tag="720" ind1=" " ind2=" ">
<subfield code="a">Arias Betancur, Alain</subfield>
<subfield code="e">author</subfield>
</datafield>
<datafield tag="720" ind1=" " ind2=" ">
<subfield code="a">Carreira Barral, Israel</subfield>
<subfield code="e">author</subfield>
</datafield>
<datafield tag="720" ind1=" " ind2=" ">
<subfield code="a">Fontova Pale, Pere</subfield>
<subfield code="e">author</subfield>
</datafield>
<datafield tag="720" ind1=" " ind2=" ">
<subfield code="a">Soto Cerrato, Vanessa</subfield>
<subfield code="e">author</subfield>
</datafield>
<datafield tag="720" ind1=" " ind2=" ">
<subfield code="a">García Valverde, María</subfield>
<subfield code="e">author</subfield>
</datafield>
<datafield tag="720" ind1=" " ind2=" ">
<subfield code="a">Pérez Tomás, Ricardo</subfield>
<subfield code="e">author</subfield>
</datafield>
<datafield tag="720" ind1=" " ind2=" ">
<subfield code="a">Quesada Pato, Roberto</subfield>
<subfield code="e">author</subfield>
</datafield>
<datafield tag="260" ind1=" " ind2=" ">
<subfield code="c">2023-09</subfield>
</datafield>
<datafield tag="520" ind1=" " ind2=" ">
<subfield code="a">An excessive production of lactate by cancer cells fosters tumor growth and metastasis. Therefore, targeting lactate metabolism and transport offers a new therapeutic strategy against cancer, based on dependency of some cancer cells for lactate as energy fuel or as oncogenic signal. Herein we present a family of&#xd;
anionophores based on the structure of click-tambjamines that have proved to be extremely active lactate&#xd;
carriers across phospholipid membranes. Compound 1, the most potent lactate transmembrane carrier,&#xd;
was studied in HeLa cells. The use of a monocarboxylate transporters (MCTs) inhibitor proved that 1 is&#xd;
an active lactate transporter in living cells, confirming the results obtained in phospholipid vesicles. Moreover, an additive effect of compound 1 with cisplatin was observed in HeLa cells. Identification of active&#xd;
lactate anionophores working in living cells opens up ways to exploit this class of compounds as molecular&#xd;
tools and drugs addressing dysregulated lactate metabolism.</subfield>
</datafield>
<datafield tag="024" ind2=" " ind1="8">
<subfield code="a">2589-0042</subfield>
</datafield>
<datafield tag="024" ind2=" " ind1="8">
<subfield code="a">http://hdl.handle.net/10259/8608</subfield>
</datafield>
<datafield tag="024" ind2=" " ind1="8">
<subfield code="a">10.1016/j.isci.2023.107898</subfield>
</datafield>
<datafield tag="245" ind1="0" ind2="0">
<subfield code="a">Small molecule anion carriers facilitate lactate transport in model liposomes and cells</subfield>
</datafield>
</record></metadata></record></GetRecord></OAI-PMH>